[Event "POL-chT 66th"]
[Site "Katowice"]
[Date "2010.09.11"]
[Round "8"]
[White "Dragun, Kamil"]
[Black "Stachowiak, Kamil"]
[Result "0-1"]
[WhiteElo "2392"]
[BlackElo "2398"]
[Annotator "RR"]
[PlyCount "68"]
[EventDate "2010.09.04"]
[EventType "team-tourn"]
[EventRounds "9"]
[EventCountry "POL"]
[SourceTitle "EXT 2016"]
[Source "ChessBase"]
[SourceDate "2015.10.08"]
[SourceVersion "1"]
[SourceVersionDate "2015.10.08"]
[SourceQuality "1"]
[WhiteTeam "Gorzow Wielkopolski"]
[BlackTeam "Wroclaw AZS WSB"]
[WhiteTeamCountry "POL"]
[BlackTeamCountry "POL"]

1. e4 c5 2. Nf3 e6 3. d4 cxd4 4. Nxd4 Nc6 5. Nc3 Qc7 6. Be3 a6 7. Be2 Nf6 8.
O-O Bb4 9. Na4 O-O 10. Nxc6 bxc6 11. Nb6 Rb8 12. Nxc8 Rfxc8 13. Bxa6 Rf8 14.
Bd3 Bd6 15. f4 e5 16. f5 Rxb2 17. g4 Qa5 18. g5 Bc5 (18... Ne8 19. Qe1 Bb4 20.
Qf2 Rxa2 21. Rab1 d5 22. f6 g6 23. Bb6 Qa4 24. Bd8 dxe4 25. Bc4 Bc3 26. Bb3 Qa8
27. Bb6 Ra6 28. Bc5 Bd4 29. Bxd4 exd4 30. Qxd4 Ra5 31. h4 c5 32. Qd5 Qa7 33.
Kh1 c4 34. Qxc4 Qe3 35. Kg2 Rf5 36. Rbe1 Qd2+ 37. Re2 Qd7 38. Qxe4 Nd6 39. Qd3
Qc6+ 40. Rf3 Nb5 41. Qe4 Qc5 42. Rxf5 gxf5 43. Qe5 Qb4 44. Qxf5 Nd6 45. Qd5
Qg4+ 46. Kf1 Qh3+ 47. Kg1 Qg4+ 48. Rg2 {Vovk,A (2512)-Macieja,B (2627) Warsaw
2009 1/2-1/2}) 19. Bxc5 Qxc5+ 20. Kh1 Ne8 21. f6 $40 g6 22. Qg4 {[%cal Gf1f3,
Gf3h3,Gg4h4]} d5 23. Rae1 $146 (23. Qh4 h5 $1 24. gxh6 Kh7 $44 25. Qg5 Qd4 26.
Rae1 Nd6 27. Qg4 dxe4 28. Bxe4 Rxc2 29. Rg1 Nxe4 30. Rxe4 Qf2 31. Qg3 Qxf6 32.
Rxe5 Rd8 33. Ree1 Rdd2 34. Rgf1 Rxh2+ 35. Qxh2 Rxh2+ 36. Kxh2 Qb2+ 37. Kg1 Qd4+
38. Rf2 Kxh6 39. Kf1 f5 40. Rh2+ Kg5 41. Rg2+ Kf6 42. Re8 f4 43. Rf2 g5 44.
Rfe2 c5 45. R8e4 Qd3 46. Re6+ Kf5 47. R6e5+ Kg4 48. Ke1 Qb1+ 49. Kd2 Qxa2+ 50.
Kc3 Qa1+ 51. Kd2 Qd4+ 52. Ke1 c4 {Kilpatrick,C (2120)-Rayner,F (2237) London
2007 0-1}) (23. a4 Nd6) 23... Nd6 $1 24. a4 Rb4 25. Qg2 dxe4 26. Bxe4 Rxa4 27.
Bxc6 Rc4 $17 28. Bf3 Rxc2 29. Qg3 Re8 30. Bg2 (30. Qh4 Rc3 31. Qh6 Nf5) 30...
Nf5 {[%csl Gf5]} 31. Qd3 (31. Rxf5 gxf5 32. Qh4 Rc1 {Il manque un tempo aux
Blancs pour mater}) 31... Nd4 32. h4 Rc3 33. Qd1 Nf5 34. Kh2 Ne3 0-1

[Event "Karditsa"]
[Site "Karditsa"]
[Date "1996.??.??"]
[Round "7"]
[White "Kotronias, Vasilios"]
[Black "Miladinovic, Igor"]
[Result "1/2-1/2"]
[WhiteElo "2610"]
[BlackElo "2560"]
[Annotator "Ribli,Z"]
[PlyCount "48"]
[EventDate "1996.03.??"]
[EventType "tourn"]
[EventRounds "9"]
[EventCountry "GRE"]
[EventCategory "12"]
[SourceTitle "CBM 053"]
[Source "ChessBase"]
[SourceDate "1996.08.01"]
[SourceVersion "1"]
[SourceVersionDate "1996.08.01"]
[SourceQuality "1"]

1. e4 c5 2. Nf3 Nc6 3. d4 cxd4 4. Nxd4 Qc7 5. Nc3 e6 6. Be2 a6 7. O-O Nf6 8.
Be3 Bb4 9. Na4 Be7 $5 {In der letzten Zeit zaehlt diese Fortsetzung sicherer
als 9....0-0.} 10. c4 $5 {Der griechische Grossmeister hat zwei Moeglichkeiten:
Ein relativ solider Plan mit 10.Nxc6, bxc6 11.Nb6. oder die Partiefortsetzung
wo er einen Bauern opfert die Initiative zu behalten.} Nxe4 11. c5 O-O 12. Bf3
{Das ist offenbar eine Neuerung.} (12. Rc1 f5 13. f4 d5 $1 (13... Rb8 14. Bf3
Bf6 15. Bxe4 fxe4 16. Nxc6 bxc6 17. Rc4 $14 {Shirov,A-Miladinovic,I/Belgrade
Invest/1995/CBM51/INF65,190/}) 14. cxd6 Bxd6 15. Bd3 Nf6 16. Bc4 Ng4 $13 {
Shirov}) 12... Ng5 $5 (12... Nf6 13. Rc1 $44) (12... Nxc5 $4 13. Nxc6 $18) 13.
Bh5 f5 {/\ f4} 14. f4 Ne4 15. Bf3 d6 $5 {Ein logischer Zug, der Nachziehende
will den wichtigsten weissen Bauern -c5- abtauschen.} (15... d5 16. cxd6 Bxd6
17. Nxc6 bxc6 18. Bxe4 fxe4 {Siehe die Partie}) 16. Nxc6 (16. Nb6 Rb8 17. Nxc8
Qxc8 18. cxd6 Bxd6 19. Nxf5 exf5 20. Bxe4 fxe4 21. Qxd6 Qf5 $13) 16... bxc6 17.
Bxe4 fxe4 18. cxd6 Bxd6 19. Nc5 a5 {Schwarz hat Angst gehabt den zweiten
Bauern zu nehmen sondern er will seinen Damenfluegel entwicklen.} (19... Bxf4
20. Bxf4 Rxf4 21. Rxf4 Qxf4 22. Qd8+ Qf8 23. Qd4 $44) 20. Nxe4 Bxf4 21. Bxf4
Rxf4 22. Rxf4 Qxf4 23. Qd8+ Qf8 24. Qc7 Ba6 (24... Ba6 25. Qxc6 Qc8 26. Rc1 (
26. Qd6 Bb7 27. Nc5 Bd5 $13) 26... Qxc6 27. Rxc6 Bb7 28. Rxe6 Bd5 29. Re5 Bxa2
$10 {Ribli}) 1/2-1/2

[Event "Corus-B"]
[Site "Wijk aan Zee"]
[Date "2004.01.11"]
[Round "2"]
[White "Lobron, Eric"]
[Black "Stellwagen, Daniel"]
[Result "1/2-1/2"]
[WhiteElo "2497"]
[BlackElo "2489"]
[Annotator "Ribli,Z"]
[PlyCount "143"]
[EventDate "2004.01.10"]
[EventType "tourn"]
[EventRounds "13"]
[EventCountry "NED"]
[EventCategory "13"]
[SourceTitle "CBM 099"]
[Source "ChessBase"]
[SourceDate "2004.03.30"]
[SourceVersion "1"]
[SourceVersionDate "2004.03.30"]
[SourceQuality "1"]

1. e4 c5 2. Nf3 e6 3. d4 cxd4 4. Nxd4 Nc6 5. Nc3 Qc7 6. Be2 a6 7. O-O Nf6 8.
Be3 Bb4 9. Na4 Be7 {Das ist die eigentliche Hauptfortsetzung - Schwarz kommt
mit dem Läufer zurück. Jetzt droht Schwarz nach 10.c4 schon, den Bauer mit 10..
.Nxe4 zu nehmen .} (9... Nxe4 $2 10. Nxc6 Qxc6 11. Nb6 Rb8 12. Qd4 Bf8 13. Bf3
f5 14. Rfd1 Rg8 15. Bxe4 fxe4 16. Qe5 d6 17. Qh5+ $16) 10. Nxc6 bxc6 11. Nb6
Rb8 12. Nxc8 Qxc8 13. Bd4 {Früher spielte man die Variante 13.e5 Nd5 14.Bc1
Bc5, wonach Schwarz gute Ausgleichschancen hat.} c5 14. Be5 Rb6 15. Qd3 d6 (
15... O-O 16. b3 d6 (16... d5) 17. Bc3 {Mit Zugumstellung bekommen wir unsere
Partiefortsetzung.} (17. Bb2)) 16. Bc3 O-O 17. b3 d5 (17... Nd7 18. Rad1 Bf6
19. Ba5 Rc6 20. Qg3 $14) (17... Rc6) (17... Qc6) 18. e5 {Interessanterweise
schließt Weiß die Stellung mit dem Läuferpaar, aber mit dem Textzug gewinnt er
dafür Raum am Königsflügel.} (18. exd5 Nxd5 19. Bd2 Nb4 20. Qc4 Rd6 21. Bc3
Nxc2 22. Bxg7 Kxg7 (22... Nxa1 23. Bxf8 Qxf8 24. Rxa1 Qg7 $11) 23. Qxc2 Rfd8
24. Rac1 Bf6 {1/2-1/2 Tseshkovsky,V-Zakharstov,V/Krasnodar 2001/EXT 2003 (50)})
18... Nd7 19. f4 (19. Qg3 f5 20. exf6 Bxf6 21. Rad1 (21. Rae1 $1) 21... Bxc3
22. Qxc3 Qc7 23. Rfe1 Qe5 24. Qd2 {1/2-1/2 Dorfman,J-Nisipeanu,L/Luebeck GER
2002/(24)}) (19. Qh3 Rc6 20. Rae1 c4 21. bxc4 Nb6 22. Bd3 g6 23. Re3 Nxc4 24.
Rg3 Rd8 {1/2-1/2 Bologan,V-Neverov,V/Istanbul TUR 2003/(62)}) 19... c4 {
Dieser Zug bietet Schwarz Gegenchancen am Damenfluegel.} (19... f5 $6 20. exf6
(20. Qh3 c4 21. bxc4 Qc5+ 22. Kh1 d4 23. Rad1 dxc3 24. Rxd7 Rfb8 25. Qxc3 Rb1 {
1-0 Almasi,Z-Delchev,A/Pula 2001/CBM 84 ext (61)}) 20... Bxf6 21. Bxf6 Nxf6 22.
Bf3 {1-0 Kasparov,G-Lautier,J/Cannes 2001/CBM 82/[Ribli] (37)}) 20. bxc4 Rc6 (
20... dxc4 $14) 21. Qh3 {[%cal Gc8c2]} Nb6 22. Bd3 g6 23. Rf3 (23. f5 exf5 24.
Rxf5 Nxc4 25. e6 f6 26. Rxd5 Nb6 27. Bxg6 hxg6 28. Qh6 Nxd5 29. Qxg6+ Kh8 30.
Qh6+ Kg8 31. Qg6+ {1/2-1/2 Zigangirova,S-Stiri,A/Oropesa del Mar 2001/EXT 2002
(31)}) (23. Kh1 Nxc4 24. Bd4 Bc5 25. Bxc5 Rxc5 26. g4 Nd2 27. Rf2 Ne4 {1/2-1/2
Ris,R-Van der Werf,M/ch-NED Open, Dieren NED 2003 (48)}) 23... Re8 24. cxd5 {
[%mdl 4] Das ist die weiße Vorbereitung - er opfert zeitweilig eine Figur.} (
24. Rg3 Rxc4 25. Bxc4 Qxc4 26. f5 Na4 27. fxe6 Bc5+ 28. Kh1 Rxe6 29. Rf3 Nxc3
30. Rxc3 Qd4 31. Rf1 {1-0 Lutz,C-Ye Jiangchuan/Batumi 2001/CBM 86 (47)}) 24...
Rxc3 25. d6 {Nach diesem Zug hängt der e7B und wenn der Läufer wegzieht,
spielt Weiß 26.Bxg6!.} Bxd6 (25... Bf8 26. Bxg6 $18) 26. exd6 Rc6 (26... Qc5+
27. Kh1 Qxd6 $2 28. Bxg6 $18) 27. Qh6 (27. f5 exf5 28. Bxf5 Qd8 (28... gxf5 $2
29. Rg3+ Kh8 30. Qh6 $18) 29. d7 Re7 $11) 27... Nd7 {[%csl Gd7][%cal Gd7f8,
Gd7f6] Der Springer möchte die schwarze Königsstellung entweder mit Nf8 oder
mit Nf6 verteidigen.} (27... Rxd6 28. Rh3 Qc5+ 29. Kh1 Qd4 30. Qxh7+ Kf8 31.
Re1 $16) 28. f5 exf5 29. Rxf5 (29. Bxf5 Rxd6 $11 30. Rh3 $2 Qc5+ {[%cal Rc5f5,
Rc5g1]} 31. Kh1 Qxf5 $19) 29... Rxd6 $11 {Nach großen Komplikationen haben wir
eine gleiche Stellung, in der Weiß noch einige Initiative besitzt, aber
Schwarz eine feste Stellung hat.} (29... gxf5 $2 30. Bxf5 $18 {[%cal Gf5c8,
Rh6h7,Rh7g8]}) 30. Raf1 Re7 (30... f6 $11 {[%cal Gd7e5]}) 31. Rh5 Nf8 (31...
gxh5 $2 32. Qxh7+ Kf8 33. Qh8#) 32. Rh4 Qc5+ 33. Kh1 Rd4 $6 {Dieser Zug
verliert einen Bauern.} (33... Qe3 $11) 34. Bxa6 Ra7 (34... Ree4 35. Rxe4 Rxe4
36. Qh3 $14) 35. Qe3 {[%cal Ge3a7]} Ne6 36. Rxd4 Qxd4 (36... Nxd4 37. c3 Ne6
38. Qd3 $14) 37. Qe2 (37. Qxd4 Nxd4 $11) 37... Nc5 38. Bc4 Ne4 39. c3 Nxc3 (
39... Qe5 40. a4 $14) 40. Bxf7+ Kg7 (40... Rxf7 $2 41. Qe8+ $18) 41. Qf3 (41.
Qe8) 41... Ne4 42. Bb3 Nf6 43. Qf2 {Auf diese Weise kann Weiß die Damen
tauschen.} (43. a4 $14) 43... Qxf2 44. Rxf2 {[%mdl 4096] Weiß hat einen Bauern
mehr, aber das Material ist so reduziert, dass Schwarz gute Remischancen hat.}
Ne4 45. Rf4 Nc5 46. h4 (46. Bc4) 46... Nxb3 47. axb3 Ra1+ 48. Kh2 Rb1 49. Rb4
Kf6 (49... Rb2 50. Rb7+ Kf6 $14) 50. Kg3 Rb2 {[%csl Gb2][%cal Gb2g2,Gb2b4] Der
Turm steht aktiv auf b2 - er kontrolliert so den weißen b-Freibauern und die
weißen Bauern am Königsflügel indirekt auch.} 51. Kf3 h5 52. Rb5 Rd2 53. g3
Rd3+ 54. Kf4 Rd4+ 55. Ke3 Rg4 56. Kf3 Rd4 57. b4 Rc4 (57... Rd3+) 58. Rb8 Rc3+
59. Kf4 Rc4+ 60. Ke3 Rc3+ 61. Kf4 Rc4+ 62. Kf3 Rc3+ 63. Kg2 Rc2+ 64. Kh3 Rb2
$11 {Der weiße König ist eingeschlossen, so dass Schwarz Remis halten kann.}
65. Rf8+ Ke6 66. Rf4 Ke5 67. Rc4 Kf5 68. Rc5+ Kf6 69. b5 Kg7 70. Rc7+ Kh6 71.
Rb7 Rc2 72. b6 1/2-1/2

[Event "Czerniak Memorial 12th"]
[Site "Tel Aviv"]
[Date "1996.??.??"]
[Round "8"]
[White "Polgar, Sofia"]
[Black "Shabtai, Ran"]
[Result "1-0"]
[WhiteElo "2495"]
[BlackElo "2340"]
[Annotator "Ribli,Z"]
[PlyCount "101"]
[EventDate "1996.04.??"]
[EventType "tourn"]
[EventRounds "11"]
[EventCountry "ISR"]
[EventCategory "9"]
[SourceTitle "CBM 053"]
[Source "ChessBase"]
[SourceDate "1996.08.01"]
[SourceVersion "1"]
[SourceVersionDate "1996.08.01"]
[SourceQuality "1"]

1. e4 c5 2. Nf3 e6 3. d4 cxd4 4. Nxd4 a6 5. Nc3 Qc7 6. Be2 Nc6 7. Be3 Nf6 8.
O-O Bb4 9. Na4 Be7 $5 (9... O-O 10. Nxc6 bxc6 11. c4 Be7 12. Bf3 $1 d6 13. c5
d5 14. Nb6 Rb8 15. Qa4 $1 $14 {Weiss steht wegen seines riesen Springers
auf-b6 eindeutig besser. Hazai,L-Fogarasi,T/Budapest Nuevo/1992/}) 10. Nxc6 (
10. c4 $5) 10... bxc6 11. Bf3 $146 {Ist das eine vorbereitete Neurung, oder
wollte Weiss die Hazai,L-Fogarasi,T /anm. bei 9-ten Zug/ folgen, aber sie hat
nicht bemerkt, dass dort c4,0-0 schon geschehen ist..} (11. Qd4 $2 Rb8 12. c4
c5 $1 13. Qd3 (13. Nxc5 $4 e5 $19) 13... O-O 14. f4 d6 15. Qc2 Nd7 $13 {
Polgar,S-Kotronias,V/Reykjavik/1988/}) (11. Nb6 Rb8 12. Nxc8 Qxc8 13. e5 Nd5
14. Bc1 O-O $2 (14... Bc5 $5) 15. c4 Nc7 16. Bd3 $36 {Polgar,S-Uskova,F/Moscow
olw/1994/CBM45/}) 11... Rb8 $5 12. c4 c5 13. Qd3 d6 $10 {Der Nachziehende hat
seine optimale Aufstellung erreicht (c5 und d6) und die Chancen sind etwa
gleich.} 14. Bd1 O-O 15. b3 Rd8 (15... Bb7 16. Nc3 Rbd8 17. Rc1 Nd7 18. f4 Bf6
$13) 16. Nc3 Bb7 17. Rc1 d5 $6 {Schwarz verliert die Geduld und strebt eine
gewaltsame Loesung an, die fuer ihn unguenstig enden wird. Man spielt in
dieser Variante solchen Zug fast nie.} (17... Nd7 $5) 18. exd5 exd5 19. cxd5
Nxd5 20. Nxd5 Rxd5 (20... Bxd5 21. Qxa6 Ra8 22. Qe2 $16) 21. Qc4 $14 {Der
Anziehende steht wegen der schwaechen Damenfluegelbauern (a6,c5) besser.} Rdd8
$2 {Hat Schwarz einfach einen Bauern eingestellt oder geopfert?} (21... Qa5 $5)
22. Bxc5 Bd5 (22... Qc6 23. Bf3 Qxc5 24. Qxc5 Bxc5 25. Rxc5 Bxf3 26. gxf3 $16)
23. Qc2 Bf6 24. Be3 Qb7 25. f3 Re8 26. Qf2 Qb4 {Droht /\ Rxe3,Bd4 mit
Damengewinn.} 27. Qd2 $5 g6 $2 {Schwarz sollte die Dame behalten, weil das
Endspiel fuer ihn sehr kritisch aussieht.} (27... Rxe3 $4 28. Qxb4 Rxb4 29.
Rc8+ $18) (27... Qd6 $5) 28. Qxb4 Rxb4 29. Bd2 Bd4+ 30. Kh1 Rb6 31. Bc2 Rbe6 (
31... Re2 32. Rcd1 $16 {/\ Bd3}) 32. Bd3 Be3 33. Bxe3 Rxe3 34. Bxa6 Ra8 35.
Rc8+ $1 {Die entscheindende Feinheit, nach welcher der Gewinn nur noch eine
Frage der Technik ist.} Rxc8 36. Bxc8 Rc3 37. Ba6 Rc2 38. Ra1 g5 39. Bd3 Rb2
40. Kg1 Kg7 41. Be4 $1 Bxe4 (41... Be6 42. g4 Kf6 43. a4 $1 Rxb3 44. a5 $18)
42. fxe4 Kf6 43. a4 $1 Rxb3 44. a5 Ke5 45. a6 Rb8 46. a7 Ra8 47. Ra4 $1 Kd6 48.
Kf2 Kc5 49. Kf3 Kb5 50. Ra1 h5 (50... Kb6 51. Kg4 $18) 51. e5 {Ribli} (51. e5
Kb6 52. Ke4 $18) 1-0

[Event "EU-ch 4th"]
[Site "Istanbul"]
[Date "2003.06.03"]
[Round "5"]
[White "Bologan, Viktor"]
[Black "Neverov, Valeriy"]
[Result "1/2-1/2"]
[WhiteElo "2663"]
[BlackElo "2583"]
[Annotator "Ribli,Z"]
[PlyCount "123"]
[EventDate "2003.05.30"]
[EventType "swiss"]
[EventRounds "13"]
[EventCountry "TUR"]
[SourceTitle "CBM 096"]
[Source "ChessBase"]
[SourceDate "2003.09.25"]
[SourceVersion "1"]
[SourceVersionDate "2003.09.25"]
[SourceQuality "1"]

1. e4 c5 2. Nf3 e6 3. d4 cxd4 4. Nxd4 Nc6 5. Nc3 Qc7 6. Be2 a6 7. O-O Nf6 8.
Be3 Bb4 9. Na4 Be7 {Heutzutage ist dieser Läuferzug in Mode - früher spielte
man lieber 9...0-0. Der Textzug ist die beste Möglichkeit für Schwarz, denn
der Läufer muss das Feld b4 früher oder später ohnehin räumen.} 10. Nxc6 bxc6
11. Nb6 Rb8 12. Nxc8 Qxc8 13. Bd4 {Die klassische Fortsetzung in der Stellung
ist 13.e5. Der Läuferzug wurde erst in den letzten Jahren populär. Weiß
kümmert sich nicht mit um den Pe4, sondern verteidigt Pb2, und im Falle von
Nxe4 kann er Bxg7 spielen.} c5 14. Be5 Rb6 15. Qd3 (15. b3 Nxe4 16. Bxg7 Rg8
17. Be5 (17. Bb2 Rd6 $132) 17... Bd6 $13) 15... d6 (15... Qc6) 16. Bc3 O-O 17.
b3 d5 18. e5 {Weiß hat das Läuferpaar und schließt die Stellung. Dennoch ist
dies die beste Fortsetzung für Weiß, denn er gewinnt Raum, und nach 18.exd5
Nxd5 bekäme Schwarz gutes Figurenspiel.} (18. exd5 Nxd5 19. Be5 (19. Bd2 Nb4
20. Qc4 Rd6 21. Bc3 Nxc2 22. Bxg7 Kxg7 23. Qxc2 Rfd8 24. Rac1 Bf6 {1/2-1/2
Tseshkovsky,V-Zakharstov,V/Krasnodar 2001/EXT 2003 (50)}) 19... Bf6 20. Bxf6
Nxf6 21. Rfd1 (21. Rad1 Qc7 22. a4 $5 h6 23. Qd2 Nd5 24. a5 Rb4 25. Bxa6 Qxa5
26. Bc4 $14 {1/2-1/2 Shirov,A-Lutz,C/Germany 2001/CBM 82/[Ribli] (62)}) 21...
Qc7 22. a3 h6 23. Qc4 a5 24. Rd2 Rbb8 25. Rad1 {1-0 Kovacevic,A-Jaracz,B/Bled
2002/CBM 89 ext (39)}) 18... Nd7 19. Qh3 $146 {Damit bereitet Weiß einen
Angriff am Königsflügel vor. Ich halte jedoch die Fortsetzung 19.f4 für die
bessere Wahl.} (19. f4 $142 c4 $5 (19... f5 20. exf6 (20. Qh3 c4 21. bxc4 Qc5+
22. Kh1 d4 23. Rad1 dxc3 24. Rxd7 Rfb8 25. Qxc3 Rb1 26. Rdd1 Rxd1 27. Rxd1 Qf2
28. Bf3 {1-0 Almasi,Z-Delchev,A/Pula 2001/CBM 84 ext (61)}) 20... Bxf6 21. Bxf6
Nxf6 22. Bf3 Kh8 23. Rae1 {1-0 Kasparov,G-Lautier,J/Cannes 2001/CBM 82/[Ribli]
(37)}) 20. bxc4 dxc4 (20... Rc6 21. Qh3 Nb6 22. Bd3 g6 23. Rf3 Re8 24. Rg3 Rxc4
25. Bxc4 Qxc4 26. f5 Na4 27. fxe6 Bc5+ 28. Kh1 Rxe6 29. Rf3 Nxc3 30. Rxc3 Qd4
31. Rf1 Rxe5 32. Qc8+ Bf8 33. Rcf3 {1-0 Lutz,C-Ye Jiangchuan/Batumi 2001/CBM
86 (47)}) 21. Qg3 (21. Qe4 f5 22. exf6 Nxf6 23. Bxf6 Bxf6 $11) 21... Qc7 (21...
Bb4 22. Rfd1 $14) (21... Nc5 22. Bd4 $14) 22. Rfd1 $14) (19. Qg3 f5 20. exf6
Bxf6 21. Rad1 Bxc3 22. Qxc3 Qc7 23. Rfe1 Qe5 24. Qd2 {1/2-1/2 Dorfman,
J-Nisipeanu,L/Luebeck GER 2002/ (24)}) 19... Rc6 (19... f5 20. f4 $5 {Mit
diesem Zug folgen wir - mit Zugumstellung - der Partie Almasi,Z - Delchev,A
Pula 2001 von der Zugfolge 19.f4 f5 20.Qh3.} (20. exf6 Bxf6 21. Bd3 g6 22. Bxf6
Nxf6 23. Rae1 c4 $11)) 20. Rae1 (20. Bd3 g6 $11) 20... c4 {[%cal Gc8c2] Ein
typisches Motiv, Schwarz findet Gegenspiel am Damenflügel.} 21. bxc4 Nb6 $132 {
[%cal Gb6c4,Gc8c2] Schwarz möchte den Pc4 natürlich mit einer Figur
zurückschlagen.} (21... dxc4 22. Bf3 $16) 22. Bd3 g6 (22... h6 $6 23. Re3 Nxc4
24. Rg3 Kh8 25. Qg4 Rg8 26. Qh5 $36) 23. Re3 Nxc4 {[%csl Gc4] Schwarz hat die
bessere Bauernstruktur, aber Weiß bekommt Angriffschancen am Königsflügel.} 24.
Rg3 Rd8 25. Rf3 {Schwarz muss eventuell mit dem Motiv Rxf7 rechnen, aber es
droht noch nicht.} (25. Qh6 Bf8 26. Qh4 Qc7 27. Rh3 h6 $11) 25... Qc7 26. Qh6
Bf8 27. Qh4 Qe7 {Schwarz möchte die Damen tauschen.} 28. Qf4 (28. Qxe7 $2 Bxe7
$17) 28... Rb8 $15 {[%cal Gb8b1] Schwarz hat eine sehr solide Stellung. Weiß
hat keine Drohungen am Königsflügel.} 29. Bd4 Nb2 30. c3 (30. Bxb2 Rxb2 $15) (
30. Be2 $5 Rxc2 31. Bxa6 Ra8 32. Rc1 $11) 30... Nxd3 31. Rxd3 Qa3 (31... Rb2
$15 32. c4 $2 Rxc4 $17 {[%cal Gc4f4]}) 32. h4 Qxa2 $17 33. Rdd1 Qc2 (33... Qe2
$17) 34. Ra1 Qf5 35. Qd2 (35. Qxf5 gxf5 $17) 35... Rb5 $6 (35... Qg4 36. g3 Qf3
$17) 36. Qe2 $1 {[%csl Ge2][%cal Ge2a6,Ga1a6][%mdl 256] Es droht 37.Rxa6 Rxa6
38.Qxb5 mit Zurückeroberung des Bauern.} Qh5 {Auf diese Weise Schwarz kann
seinen Materialsvorteil halten, aber seine Bauernstruktur wird schwach.} 37.
Qxh5 gxh5 38. f4 $15 {[%cal Gf4f5] In der Folge bekommt Weiß mit 39.f5
Gegenchancen am Königsflügel.} Bc5 39. f5 exf5 40. Rxf5 Rg6 41. Ra2 {[%cal
Ga2g2] Weiß muss die zweite Reihe kontrollieren.} Bxd4+ 42. cxd4 Rb1+ (42...
Rg4 43. Rxa6 $11) (42... Rb4 43. Raf2 Rxd4 44. Rxf7 $11) 43. Kh2 Rb4 (43... Rg4
44. Rg5+ Rxg5 45. hxg5 Rb4 (45... Rb6 $6 46. Ra5) 46. Rxa6 Rxd4 47. Rd6 $11)
44. Rf4 Rg4 45. Rxg4+ hxg4 46. Rxa6 Rxd4 47. Rd6 {[%mdl 4096]} h5 48. e6 {
Weiß möchte natürlich das Material reduzieren.} fxe6 49. Rxe6 Kg7 50. Re5 $11 {
[%csl Ge5][%cal Ge5d5,Ge5h5] Der Turm steht sehr aktiv auf der 5.Reihe -
Schwarz kann seinen Vorteil nicht verwerten.} Kg6 51. Kg3 Rd2 52. Rg5+ Kh6 53.
Re5 d4 54. Rd5 d3 55. Kf4 Rf2+ (55... Rxg2 56. Rd6+ Kg7 57. Rxd3 $11) 56. Kg3
Rd2 57. Kf4 Kg6 58. Rg5+ Kf6 59. Ke3 (59. Rxh5 Rxg2 60. Rd5 d2 61. h5 $11)
59... Rxg2 60. Kxd3 g3 61. Ke3 Ra2 62. Ke4 (62. Rxg3 $11) 1/2-1/2